Score 0/16 Timer 04:00
0 Plays Today
% Correct
Amsterdam
94.3%
Berlin
93.1%
Lima
92.1%
London
92.1%
New York
91.5%
Moscow
91.4%
Cairo
91.4%
Manila
91.3%
% Correct
Istanbul
90.7%
Miami
90.2%
Boston
90.1%
Ha Noi
90.1%
Havana
89.7%
Mumbai
85.9%
Madrid
85.5%
Toronto
79%
Remove Ads.
Support Sporcle.
Get the best of Sporcle when you Go Orange. This ad-free experience offers more features, more stats, and more fun while also helping to support Sporcle. Thank you for becoming a member.

You're not logged in!

Compare scores with friends on all Sporcle quizzes.
OR
Log In

Show Comments

Extras

Top Quizzes Today


Score Distribution

Your Account Isn't Verified!

In order to create a playlist on Sporcle, you need to verify the email address you used during registration. Go to your Sporcle Settings to finish the process.

Report this User

Report this user for behavior that violates our Community Guidelines.

Details: